Práctica forense o prontuario de procedimientos judiciales
Na minha lista:
| Autor principal: | |
|---|---|
| Formato: | Livro |
| Idioma: | espanhol |
| Publicado em: |
Santiago, Chile
Victoria
1887
|
| Assuntos: | |
| Tags: |
Adicionar Tag
Sem tags, seja o primeiro a adicionar uma tag!
|
MARC
| LEADER | 00000nam a2200000 a 4500 | ||
|---|---|---|---|
| 001 | UCR1222 | ||
| 003 | CL-VaPUC | ||
| 005 | 20210602001515.0 | ||
| 008 | 971212e18870000CL |||||||||||||||||spa|d | ||
| 999 | |c 264699 |d 264697 | ||
| 040 | |c Pontificia Universidad Católica de Valparaíso | ||
| 082 | 0 | 4 | |a 347.067 VER 1887 |2 21 |
| 100 | 0 | |a Vera, Robustiano |e autor |9 398210 | |
| 245 | 1 | 0 | |a Práctica forense o prontuario de procedimientos judiciales |
| 260 | 0 | 3 | |a Santiago, Chile |b Victoria |c 1887 |
| 300 | |a 2 tomos | ||
| 583 | |a last modification |c 19971212 00:00:00 |k Rodrigo Vera | ||
| 650 | 0 | |a Derecho procesal penal |9 256392 |x Prueba | |
| 650 | 0 | |a Derecho procesal penal |2 CL-VaPUC |9 256375 |x Práctica forense | |
| 650 | 0 | |a Poder judicial |9 254871 | |
| 650 | 0 | |a Tribunales de justicia |9 328494 |x Jueces | |
| 942 | |c BK |2 ddc | ||
| 945 | |d 19971212 00:00:00 |a cmena | ||
| 952 | |0 0 |1 0 |2 ddc |4 0 |5 1 |6 347_067000000000000_VER_1887 |7 1 |8 C_LRYV |9 295093 |a FDOBRV |b BIBDER |d 2019-11-19 |h t.1 |i 1921762 |o 347.067 VER 1887 |p 1921762 |r 2023-01-25 |t 1 |w 2019-11-19 |y BK_X |k BRV | ||
| 952 | |0 0 |1 0 |2 ddc |4 0 |5 1 |6 347_067000000000000_VER_1887 |7 1 |8 C_LRYV |9 295094 |a FDOBRV |b BIBDER |d 2019-11-19 |h t.2 |i 1921770 |o 347.067 VER 1887 |p 1921770 |r 2023-01-25 |t 1 |w 2019-11-19 |y BK_X |k BRV | ||